000 01349nam a22002057a 4500
999 _c62958
_d62958
003 Ge_BSU
005 20250407150442.0
008 250407s2003 ge ||||| |||| 00| 0 geo d
020 _a999280646X
041 _ageo
080 _a657.1:35 ა-62
245 _aანგარიშგება შესრულებულ სამუშაოზე :
_bშეფასება და მონიტორინგი ადგილობრივი მმართველობისათვის /
_c[მთარგმნ.: მირანდა ბერიშვილი; რედ.: მაკა იოსელიანი, თამარ სულუხია, დევიდ ამონსი; საქ. საზ. საქმეთა ინ-ტი (GIPA).
264 _aთბილისი,
_c2003.
300 _a180 გვ. :
_bცხრ. ;
_c20 სმ.
653 _aადგილობრივი თვითმმართველობის ორგანოების საბუღალტრო
700 _aიოსელიანი, მაკა
_eრედაქტორი
_915609
700 _aსულუხია, თამარ
_eრედაქტორი
_9987
700 _aამონსი, დევიდ
_eრედაქტორი
_924744
942 _2udc
_cᲬᲘᲒᲜᲘ